000 00812nam a2200217Ia 4500
003 GCL
008 140319s9999 xx 000 0 ara d
020 _a5039384977
040 _aGCL /
_cGCL
082 0 4 _a371.392
_bم ط
100 1 _aمونتيسورى، ماريا
245 1 0 _aطريقة مونتيسورى المتقدمة :
_bالاصول العلمية للتدريس وتطبيقه على تربية الاطفال من سن 7 - 11 /
_cمونتيسورى، ماريا
250 _aالاولى
260 _aالقاهرة :
_bمكتبة دار الكلمة ،
_c2004
300 _a335 ص ؛
_c20 سم
650 0 4 _aتعليم الاطفال
650 0 4 _aالطفولة
650 0 4 _aالاطفال - تربية
650 0 4 _aالتعليم - طريقة مونتيسورى
942 _2ddc
_cBK
999 _c7370
_d7370